000 00757nam a2200253Ia 4500
003 OSt
005 20220925203842.0
006 a|||||r|||| 00| 0
007 ta
008 220923b |||||||| |||| 00| 0 eng d
020 _a0876921985
037 _cGeneral Book
040 _aRTL
_cRTL
_beng
041 _2eng
_aeng
082 _aX:514-8, K9;M1/TD3
100 _aStill Richard R, and others
_9267157
245 0 _aSales management
_b Decisions, strategies and cases
250 _a4
260 _aEnglewood
_bCliffs Prentice-Hall New Jersy
_c1981
300 _axx, 699p.
_ccm.
650 _aSalesmanship
_9229886
942 _hX:514-8, K9;M1/TD3
_cGB
_2CC
999 _c547926
_d547926